Η αρχιτεκτονική της πόλης
Αποθηκεύτηκε σε:
| Κύριος συγγραφέας: | |
|---|---|
| Άλλοι συγγραφείς: | , , |
| Μορφή: | Βιβλίο |
| Γλώσσα: | Greek Italian |
| Δημοσίευση: |
Θεσσαλονίκη :
Σύγχρονα Θέματα ,
1987.
|
| Θέματα: | |
| Ετικέτες: |
Προσθήκη ετικέτας
Δεν υπάρχουν, Καταχωρήστε ετικέτα πρώτοι!
|
MARC
| LEADER | 00000cam a2200000 i 4500 | ||
|---|---|---|---|
| 001 | 1/5744 | ||
| 008 | 960613s1987 gr ||| | gre|| | ||
| 035 | |l 10016114 | ||
| 040 | |a GR-MyUA |b gre |e AACR2 | ||
| 041 | 1 | |a gre |h ita | |
| 082 | 0 | |a 711.4 | |
| 100 | 1 | |a Rossi, Aldo |d 1931- | |
| 245 | 1 | 2 | |a Η αρχιτεκτονική της πόλης / |c Aldo Rossi ; Επιμέλεια Λόης Παπαδόπουλος, Γιώργος Παπακώστας, Σοφία Τσιτιρίδου ; Μετάφραση Βασιλική Πετρίδου. |
| 260 | |a Θεσσαλονίκη : |b Σύγχρονα Θέματα , |c 1987. | ||
| 300 | |a 357 σ. : |b εικ. ; | ||
| 500 | |a Τίτλος πρωτοτύπου: L'architettura della citta. | ||
| 504 | |a Περιέχει βιβλιογραφία και ευρετήριο. | ||
| 650 | 0 | 0 | |a Architecture. |
| 650 | 0 | 0 | |a City planning. |
| 700 | 1 | |a Παπαδόπουλος, Λόης, |e edt | |
| 700 | 1 | |a Τσιτιρίδου, Σοφία, |e edt | |
| 700 | 1 | |a Πετρίδου, Βασιλική, |d 1955- |e trlf | |
| 852 | |a INST |b LESVOS |e 19960613 |h 711.4 ROS |p 005100004902 |q 005100004902 |t BK |y 0 | ||
| 909 | |a Λ |b 009617 | ||